LDR 00768naa#a2200181#i#450# 001 EN\\bibl\19493 005 20260516094408.6 100 ## _a20260515b2026####ek#y0engy0150####ca 102 ## _aRU 200 1# _aTHE SCALY JUNIPER ‘‘BLUE CARPET’’ REPRODUCTION EXPERIENCE BY THE GREEN CUTTINGS METHOD USING VARIOUS TECHNOLOGIES _eConference article/thesis 210 1# _aVoronezh _cFSBE Institution of Higher Education Voronezh State University of Forestry and Technologies named after G.F. Morozov _d2026 215 ## _a7 с. 608 ## _aConference article/thesis _2local 675 ## _aРазмножение черенками. 631.535 _z 700 #1 _aPal'ceva _gAnastasiya Vladislavovna 700 #1 _aTseplyaev _gAleksey N. 700 #1 _aPopova _gAnna Aleksandrovna 856 4# _abibl.vgltu.ru _u